000
00288nam a22000977a 4500
008
170408b xxu||||| |||| 00| 0 eng d
100
_a
Enhagen, Carl-Olof
245
_a
Sport stamps
260
_a
New York
_b
Arco Publishing Co., Inc.,
_c
1961
650
_a
Topical Collecting | Sports and Recreation
999
_c
2339
_d
2339